书目信息 |
| 题名: |
工程制图
|
|
| 作者: | 高宗华 , 王海涛 主编 | |
| 分册: | ||
| 出版信息: | 合肥 合肥工业大学出版社 2015 |
|
| 页数: | 346页 | |
| 开本: | 26cm | |
| 丛书名: | ||
| 单 册: | ||
| 中图分类: | TB23 | |
| 科图分类: | ||
| 主题词: | 工程制图--高等学校--教材 | |
| 电子资源: | ||
| ISBN: | 978-7-5650-2076-6 | |
| 000 | 00893nam0 2200253 450 | |
| 001 | 012015000136 | |
| 005 | 20151130101837.98 | |
| 010 | @a978-7-5650-2076-6@dCNY51.00 | |
| 100 | @a20150601d2015 em y0chiy50 ea | |
| 101 | 0 | @achi |
| 102 | @aCN@b340000 | |
| 105 | @aa z 000yy | |
| 106 | @ar | |
| 200 | 1 | @a工程制图@Agong cheng zhi tu@f高宗华,王海涛主编 |
| 210 | @a合肥@c合肥工业大学出版社@d2015 | |
| 215 | @a346页@c图@d26cm | |
| 300 | @a高等院校机械电气类专业“十二五”重点规划教材 | |
| 330 | @a本书内容包括:制图的基本知识、投影理论基础、基本投影、轴测图、组合体、机件图样的基本表示法、标准件与常用件、零件图、装配图、房屋建筑图图样简介、电气线路图图样简介。 | |
| 606 | 0 | @a工程制图@x高等学校@j教材 |
| 690 | @aTB23@v5 | |
| 701 | 0 | @a高宗华@Agao zong hua@4主编 |
| 701 | 0 | @a王海涛@Awang hai tao@f(1983-)@4主编 |
| 801 | 0 | @aCN@b碧洲教育@c20151127 |
| 905 | @a10447@f4@dTB23@e154 | |
| 工程制图/高宗华,王海涛主编.-合肥:合肥工业大学出版社,2015 |
| 346页:图;26cm |
| 高等院校机械电气类专业“十二五”重点规划教材 |
| ISBN 978-7-5650-2076-6:CNY51.00 |
| 本书内容包括:制图的基本知识、投影理论基础、基本投影、轴测图、组合体、机件图样的基本表示法、标准件与常用件、零件图、装配图、房屋建筑图图样简介、电气线路图图样简介。 |
| ● |
| 相关链接 |
|
|
|
|
正题名:工程制图
索取号:TB23/154
 
预约/预借
| 序号 | 登录号 | 条形码 | 馆藏地/架位号 | 状态 | 备注 |
| 1 | 0871314 | 208713141 | 第二样本阅览室/ [索取号:TB23/154] | 在馆 | |
| 2 | 0871315 | 208713150 | 第三借阅区/ [索取号:TB23/154] | 在馆 | |
| 3 | 0871316 | 208713169 | 第三借阅区/ [索取号:TB23/154] | 在馆 | |
| 4 | 0871317 | 208713178 | 第三借阅区/ [索取号:TB23/154] | 在馆 |